| 000 | 01096cam a22002535a 4500 | ||
|---|---|---|---|
| 001 | L159397 | ||
| 008 | 170130s2016 xxk f 000 0 eng d | ||
| 020 | _a9781783211449 | ||
| 035 | _a(Sirsi) u159397 | ||
| 041 | 0 | _aeng | |
| 110 | 2 | _aRoyal Institution of Chartered Surveyors | |
| 245 | 0 | 0 |
_aResource management _bImproving efficiency and reducing waste _h[electronic resource] |
| 250 | _a1st | ||
| 260 |
_aLondon _bRICS _c2016 |
||
| 490 | 0 | _aRICS Guidance Note | |
| 490 | 0 | _aRICS Professional Standard | |
| 520 | _aProvides guidance for property professionals on how to make more efficient and effective use of buildings and their support services, managing resources more effectively and reducing waste. | ||
| 520 | _aEffective from 15th June 2016. | ||
| 650 | 2 | 4 | _aRESOURCE MANAGEMENT |
| 651 | 4 | _aUnited Kingdom | |
| 690 |
_aFacilities management _96240 |
||
| 856 | 4 | 0 |
_uhttps://www.rics.org/profession-standards/rics-standards-and-guidance/sector-standards/land-standards/resource-management-improving-efficiency-and-reducing-waste _zAvailable free on RICS.org |
| 942 | _n0 | ||
| 999 |
_c115864 _d115864 |
||